| 000 | 00656aam a2200253 4500 | ||
|---|---|---|---|
| 005 | 20161005105617.0 | ||
| 008 | 150610b xxu||||| |||| 00| 0 spa d | ||
| 041 | _aEspañol | ||
| 082 | _a1.4.17 M294m | ||
| 245 | _aManual de buena cocina: consultas rápidas para ahorrar tiempo | ||
| 260 | _aMéxico | ||
| 260 | _bTrillas | ||
| 260 | _c1996 | ||
| 300 | _a120 páginas | ||
| 650 |
_aRECETAS DE COCINA _91731 |
||
| 650 |
_aCARNES Y AVES _924887 |
||
| 650 |
_aPESCADOS Y MARISCOS _924888 |
||
| 650 |
_aPASTAS _93567 |
||
| 650 |
_aHUEVOS _93573 |
||
| 650 |
_aQUESOS _924889 |
||
| 650 |
_aFRUTAS _915606 |
||
| 650 |
_aVERDURAS _915605 |
||
| 942 | _cBK | ||
| 999 |
_c1289 _d1289 |
||